| 000 | 00605nam a22001931a 4500 | ||
|---|---|---|---|
| 001 | 18781 | ||
| 003 | OSt | ||
| 005 | 20260204212421.0 | ||
| 008 | 180901s2011||||ck ||||||b||||||||||spa|| | ||
| 020 | _a9789588675633 | ||
| 082 | _a621.382 H899t | ||
| 100 | _aHuidobro Maya,José Manuel | ||
| 245 | _aTelecomunicaciones:tecnologías, redes y servicios | ||
| 264 | _aBogotá:Ediciones de la U | ||
| 300 | _a415 p | ||
| 500 | _aIncluye índice alfabético | ||
| 650 | _aMensajes y señales 2.Medios de transmisión 3.Tecnologías de comunicaciones 4.Redes fijas 5.Redes inalámbricasÌ | ||
| 942 |
_2ddc _cBK |
||
| 999 |
_c18781 _d18781 |
||